000 00507nam a22001937a 4500
003 MPLRDC
005 20220104202145.0
008 210129b ||||| |||| 00| 0 eng d
020 _a978-7-5502-8052-6
082 _a411.16 JZY
100 _a金哲彦 KIN TETSUHIKO
245 _a走路健身法
_c肖潇 译
250 _a初版一刷
260 _a中国
_b北京联合出版公司
_c2016
300 _b
520 _a上架 2017-11-16。
650 _a运动健康法
942 _cBK
_o411.16 JZY
999 _c67513
_d67503